00346nam a2200157Ia 45000010006000000050017000060080041000230410008000640820018000721000021000902450024001112600009001353000028001446500008001726540008001801075120260306161855.0260306t1958||||xx |||||||||||||| ||spa|| aESP a947.092bS748 aShub, DavideAUT 0aLenin:ba biography c1958 a187 páginas :c18 cm. aGEN aCHU